00551nam a22001697a 450000500170000001000150001702000260003203500140005803700130007208200080008524500840009326000360017727000830021330000270029649000440032370000140036720180504163605.0 aENG-122491 a9789381950494c595.00 aEN-106023 bDBAD/PUB a503 aMini dictionary :ced. by Shyam Singh Tanwar [and] Mradulatab(terms defined) / aJaipurbSankalp Prakashanc2018 a467, Badayon ka Chowk, Govindrao Ji Ka Rasta, Chanpole Bazar, bJaipure302001 a201p.bill. c20cm(Hb) aLifetime Science Companion Series No. 1 dMradulata